000 00354nam a2200145Ia 4500
008 230917s9999||||xx |||||||||||||| ||und||
040 _e161507
_aMAIN
041 _aEnglish
082 _a954.5 K968M
100 _aKhuswant Singh
245 0 _aMera Lahuluhan Punjab
260 _aNew Delhi
_bRajkamal Prakashan
_c2010
300 _a160 p.
942 _cBK
999 _c154688
_d154688